Štruktúry údajov
Gespeichert in:
| 1. Verfasser: | |
|---|---|
| Format: | Buch |
| Sprache: | Englisch |
| Veröffentlicht: |
Bratislava :
SVŠT v Bratislave,
1981
|
| Tags: |
Keine Tags, Fügen Sie das erste Tag hinzu!
|
MARC
| LEADER | 00000nam a22000003a 4500 | ||
|---|---|---|---|
| 001 | stu288198 | ||
| 005 | 20150617230254.2 | ||
| 008 | 140409s--------cs------------------eng-d | ||
| 040 | |a STU |b slo | ||
| 041 | 0 | |a eng | |
| 044 | |a cs | ||
| 100 | 1 | |a Sirotová, V. |4 aut | |
| 245 | 1 | |a Štruktúry údajov | |
| 260 | |a Bratislava : |b SVŠT v Bratislave, |c 1981 | ||
| 300 | |a 90 s | ||
| 996 | |b IS352 |c I*S352 |l II680 |s A |a 24 |w stu288198_0001 | ||
| 996 | |b IS373 |c I*S373 |l II680 |s A |a 24 |w stu288198_0002 | ||